000 00315nam a22001337a 4500
008 171030b xxu||||| |||| 00| 0 eng d
020 _a9780195159004
041 _aeng
080 _a336
100 _a56
101 _aFIN
245 _aMERGERS AND ACQUISITIONS IN BANKING AND FINANCE
_cWALTER,I
942 _2udc
_cBK
999 _c36329
_d36329